Statistics for Divided World City Name Puzzle

Click here to take the quiz!

General Stats

  • This quiz has been taken 1,292 times
  • The average score is 10 of 20

Answer Stats

Country Name% Correct
ROTTERDAMRotterdam
87%
HONGKONGHong Kong
79%
ALEXANDRIAAlexandria
76%
CASABLANCACasablanca
76%
HYDERABADHyderabad
74%
ZURICHZurich
62%
STUTTGARTStuttgart
61%
EDINBURGHEdinburgh
59%
BARCELONABarcelona
55%
VLADIVOSTOKVladivostok
55%
MARSEILLEMarseille
52%
GOTHENBURGGothenburg
51%
SYDNEYSydney
50%
MONTREALMontreal
43%
MONTERREYMonterrey
38%
VENICEVenice
36%
SEATTLESeattle
27%
BENGHAZIBenghazi
24%
ALEPPOAleppo
21%
NAGOYANagoya
16%

Score Distribution

Percentile by Number Answered

Percent of People with Each Score

Your Score History

You have not taken this quiz